| 000 | 00707nam a2200241 a 4500 | ||
|---|---|---|---|
| 001 | 70983 | ||
| 003 | BD-RjUL | ||
| 005 | 20211209082050.0 | ||
| 008 | 170423s1957 nyua b 001 0 eng d | ||
| 035 | _a(BD-RjUL)71197 | ||
| 040 |
_aDLC _cDLC _dDLC _dBD-RjUL _beng |
||
| 041 | _aeng | ||
| 082 | 0 | 0 |
_a530.41 _223 _bKII 1957 |
| 100 | 1 |
_aKittel, Charles. _926819 |
|
| 245 | 1 | 0 |
_aIntroduction to solid state physics / _cCharles Kittel. |
| 250 | _a2nd ed. | ||
| 260 |
_aNew York : _bWiley, _cc1957 [seventh printing 1963]. |
||
| 300 |
_axvii, 617 p. : _bill. ; _c25 cm. |
||
| 504 | _aIncludes bibliographies and index. | ||
| 650 | 0 |
_aSolid state physics. _923918 |
|
| 942 |
_2ddc _cBK |
||
| 999 |
_c70983 _d70983 |
||